BBC TV Shows - Sudden Death - Statistics

General Stats
  • This quiz has been taken 188 times
  • The average score is 12 of 21
Answers on the Grid
Answers color-coded by a green-red scale on the quiz's grid according to % correct below.
Are You Being Served
Pointless
Monty Python's Flying Circus
Top Gear
Play School
Doctor Who
The Goodies
Camberwick Green
Blue Peter
Dinnerladies
Dad's Army
Red Dwarf
Celebrity Squares
Top Of The Pops
Strictly Come Dancing
The One Show
Family Fortunes
Magpie
Mastermind
Eastenders
Z Cars
Motherland
Eldorado
George And Mildred
Question Time
Countdown
Family Affairs
I'm A Celebrity .. Get Me Out Of Here
Patrick Christys Tonight
8 Out Of 10 Cats
 
Answer Stats
Answer % Correct
Doctor Who
89%
Top Gear
81%
Blue Peter
78%
Eastenders
78%
Pointless
75%
The One Show
75%
Strictly Come Dancing
73%
Mastermind
71%
Top Of The Pops
69%
Dad's Army
68%
Question Time
59%
Red Dwarf
55%
Are You Being Served
51%
Monty Python's Flying Circus
51%
Dinnerladies
46%
Play School
41%
Motherland
40%
The Goodies
34%
Camberwick Green
32%
Eldorado
25%
Z Cars
25%
No matching quizzes found
Score Distribution
Percent of People with Each Score
Percentile by Number Answered
Your Score History
You have not taken this quiz